[Event "BLR-ch 1st Stage Men 2020"]
[Site "Minsk"]
[Date "2020.02.03"]
[Round "9.3"]
[White "Tsaruk, Maksim"]
[Black "Yezhel, Valiantsin"]
[Result "1-0"]
[WhiteElo "2316"]
[BlackElo "2187"]
[Annotator "TA"]
[PlyCount "135"]
[EventDate "2020.02.01"]
[EventType "swiss"]
[EventCountry "BLR"]
[SourceTitle "playchess.com"]
[Source "ChessBase"]
[SourceQuality "1"]

{[%evp 16,135,8,8,6,2,8,16,16,12,10,4,6,0,0,-4,0,0,0,-11,-1,-4,0,0,0,0,0,0,10,0,15,7,21,0,0,0,0,0,0,0,2,0,0,0,6,6,13,0,0,0,0,0,0,0,0,0,0,0,0,0,0,0,4,0,0,0,20,0,0,0,0,0,0,0,9,18,104,94,140,135,129,95,137,88,85,92,106,154,135,0,70,26,194,200,283,285,255,278,264,269,259,243,340,331,307,301,243,250,226,227,12842,12842,12843,12843,12845,12846,12850,12851,12851,27999,12851,27999]} 1. d4 d5 2. Nf3 Nf6 3. c4 e6 4. g3 Be7 5. Bg2 O-O 6. O-O dxc4 7. Qc2 a6 8. a4 c5 9. dxc5 Bxc5 {E05: Open Catalan: 5 Nf3 Be7} 10. Qxc4 Qe7 11. Bg5 Nbd7 {The position is equal.} 12. Nc3 h6 13. Bxf6 Nxf6 14. Rac1 Rb8 15. e3 {[#]} b6 $146 ({Predecessor:} 15... Bd7 16. Ne5 Rfc8 17. Qh4 Be8 18. Rfd1 b5 19. axb5 axb5 20. Ne2 Qa7 21. Nd4 Bxd4 22. exd4 Rxc1 23. Rxc1 {½-½ (30) Pergericht,D (2355)-Schemm,H Lugano 1989}) 16. Ne5 {Black must now prevent Nc6.} Bb7 17. Ng4 Nxg4 18. Qxg4 Bxg2 19. Kxg2 Qb7+ (19... Rfd8 {is interesting.} 20. Rfd1 Rxd1 21. Rxd1 Qb7+ 22. Qe4 Be7) 20. Qf3 Qxf3+ 21. Kxf3 Rbc8 22. Rfd1 Bb4 23. Na2 Be7 24. Ke2 b5 25. axb5 axb5 26. Rd3 Ra8 27. Nc3 Rfc8 {Threatens to win with ...b4.} 28. Kd2 Bf6 29. Rc2 Rab8 30. Ne4 Be7 31. Rb3 f5 {...Rxc2+ is the strong threat.} 32. Rxc8+ Rxc8 $11 {[%mdl 4096] Endgame KRB-KRN} 33. Nc3 b4 34. Na2 Rd8+ 35. Kc2 Rc8+ 36. Kd2 Rd8+ 37. Rd3 Ra8 38. Nc1 Kf7 39. Rd4 e5 40. Rc4 e4 41. Kc2 Ra1 42. h3 h5 43. h4 Ke6 44. Kb3 Bd6 45. Rc2 Be7 {[#]} (45... g6 $11) 46. Ne2 $1 $16 g6 47. Nf4+ Kf7 48. Nd5 {Strongly threatening Rc7.} Bd8 49. Nxb4 g5 50. Nc6 Bf6 51. hxg5 Bxg5 52. Rc5 (52. Nd4 $16) 52... Kg6 (52... Rf1 $11) 53. Nd4 Bf6 $2 (53... Rf1 $1 $11) 54. Nxf5 $18 Rb1 (54... Rf1 $142 55. Nh4+ Bxh4) 55. Nd4 Rf1 {[#]} 56. Rc2 $1 h4 57. gxh4 Bxh4 58. Rc6+ Bf6 59. Kc4 Rxf2 60. b4 {[%cal Bb2b4,Bb4b5,Bb5b6,Bb6b7][%mdl 32]} Kf7 61. b5 Rb2 62. b6 Bg5 $2 (62... Bd8 63. Nb5 Be7) 63. Rc7+ Kf6 64. b7 Bxe3 65. Nb5 Rxb5 66. Kxb5 Ba7 67. Rc8 {Ra8 would kill now.} e3 68. Re8 {Accuracy: White = 92%, Black = 74%.} (68. b8=Q $18 Bxb8 69. Rxb8 Kg5 70. Kc4 Kf4 71. Re8 Kf3 72. Kd3 Kf4 73. Rxe3) 1-0

[Event "BLR-ch 1st Stage Men 2020"]
[Site "Minsk"]
[Date "2020.02.03"]
[Round "9.4"]
[White "Meribanov, Vitaly"]
[Black "Maiorov, Nikita"]
[Result "1-0"]
[WhiteElo "2417"]
[BlackElo "2519"]
[Annotator "TA"]
[PlyCount "95"]
[EventDate "2020.02.01"]
[EventType "swiss"]
[EventCountry "BLR"]
[SourceTitle "playchess.com"]
[Source "ChessBase"]
[SourceQuality "1"]

{[%evp 9,95,18,58,-18,-24,-14,-12,-21,-24,-29,-15,-20,-17,-35,-27,-35,0,-35,-35,-34,-20,-23,46,43,37,40,37,8,40,41,77,8,156,150,176,165,164,164,165,176,309,323,288,320,302,307,271,289,329,325,360,339,363,361,391,372,336,271,369,162,252,0,336,252,395,224,388,212,650,601,790,1143,876,827,1229,1213,29974,29974,29984,29978,29985,29985,29985,29986,29988,29985,29985,29986]} 1. c4 e6 2. Nc3 b6 3. d4 Bb4 4. e4 Bb7 5. f3 f5 6. e5 {A40: Unusual replies to 1 d4.} (6. exf5 $14 exf5 7. Bd3) 6... c5 $11 7. a3 Bxc3+ 8. bxc3 {The position is equal.} Nc6 9. Be3 {[#]} Qc7 $146 ({Predecessor:} 9... Nh6 10. Nh3 Nf7 11. Nf4 O-O 12. Be2 Na5 13. O-O Rc8 14. Rc1 Ba6 15. Qa4 Qc7 {½-½ (30) Hebert,J (2395)-Hergott,D (2430) New York 1994}) 10. f4 Na5 {Threatening ...Nxc4!} 11. d5 Ba6 12. Qa4 Qb7 13. Rd1 exd5 14. cxd5 Bxf1 15. Kxf1 Qa6+ (15... Ne7 $11) 16. Kf2 $14 Qc4 17. Qxc4 Nxc4 18. Nf3 Ne7 19. Bc1 d6 20. Nd2 (20. Rhe1 $16) 20... Na5 (20... b5 $11) 21. c4 $36 {[%cal Bc3c4,Bc4b5][%mdl 2080] Black is under strong pressure.} (21. exd6 $6 Nc8 $11) 21... b5 22. cxb5 Nxd5 {[#]} 23. Ne4 $1 {[%mdl 512]} fxe4 24. Rxd5 dxe5 (24... Nc4 $142 25. exd6 Kd7) 25. Rxe5+ $18 Kf7 26. Rd1 ({Much less strong is} 26. Rxc5 $6 Rhc8 $18) ({Don't take} 26. Rxe4 $6 Nb3 $16) 26... Rhd8 27. Rxd8 Rxd8 28. Rxc5 {[%mdl 4096] Endgame KRB-KRN} Rd7 29. Ke3 Nb3 30. Rc3 Nxc1 31. Rxc1 {KR-KR} Rd3+ 32. Kxe4 Rxa3 33. Rc7+ Kg8 34. Rc8+ Kf7 35. Rc7+ Kg8 $1 36. Kd5 h6 (36... h5 $142 37. g3 Ra5) 37. Kc6 (37. g4 $142 Ra5 38. Kc6) 37... Ra5 $2 {[#]} (37... h5 38. h4 Ra2) 38. g4 g6 $2 (38... Ra4 39. Kd6 Rd4+ 40. Ke5 Rb4) 39. h3 Kh8 40. Rb7 Kg8 41. Kd6 Ra4 42. Ke5 h5 43. g5 {White mates.} h4 44. Kf6 Rxf4+ 45. Kxg6 Kf8 46. Rxa7 Rb4 47. Rb7 Rb3 48. Kh7 {Accuracy: White = 72%, Black = 44%.} 1-0

[Event "BLR-ch 1st Stage Men 2020"]
[Site "Minsk"]
[Date "2020.02.03"]
[Round "9.5"]
[White "Cherepov, Alexej"]
[Black "Zarubitski, Viachaslau"]
[Result "0-1"]
[WhiteElo "2184"]
[BlackElo "2451"]
[Annotator "TA"]
[PlyCount "84"]
[EventDate "2020.02.01"]
[EventType "swiss"]
[EventCountry "BLR"]
[SourceTitle "playchess.com"]
[Source "ChessBase"]
[SourceQuality "1"]

{[%evp 10,84,35,35,37,23,25,0,0,-33,-45,-57,-63,-65,-62,-66,-51,-66,-48,-58,-11,-14,-12,-33,-9,-45,-20,-16,-33,-54,-54,-74,-72,-85,-60,-95,-57,-56,-27,-59,-62,-56,0,0,0,0,0,-23,-40,-109,-77,-128,-25,-61,-60,-204,-204,-209,-211,-897,-894,-788,-761,-2273,-2228,-29983,-29984,-29986,-29987,-29987,-29988,-29988,-29989,-29989,-29990,-29991,-29992]} 1. d4 d5 2. c4 c6 3. Nc3 Nf6 4. e3 a6 5. Nf3 Bf5 6. Qb3 b5 {D15: Slav Defence: 4 Nc3 a6 and gambit lines after 4 Nc3 dxc4} 7. cxd5 cxd5 8. a4 b4 $1 {[%cal Rb4c3] The position is equal.} 9. Nh4 Bc8 10. Qxb4 e5 $1 11. Qb3 e4 $1 {[%mdl 1024] [#] Black has compensation.} 12. f4 $146 ({Predecessor:} 12. Be2 g5 13. g4 h5 14. f4 Rg8 15. fxg5 Rxg5 16. a5 Nc6 17. Qb6 Qd6 18. Nf5 Rxf5 19. gxf5 {0-1 (34) Mende,I (2216)-Gertners,G (2275) ICCF email 2007}) 12... Nc6 13. Be2 Rb8 14. Qd1 h6 {[#] White must now prevent ...g5.} 15. O-O Be7 16. g3 O-O 17. Rf2 Na5 18. Ng2 Nb3 19. Ra2 Bg4 20. Bd2 Bxe2 21. Qxe2 Qd6 22. f5 Rfc8 23. Nf4 Qc6 24. h3 Bb4 25. g4 Nxd2 (25... Bd6 $15) 26. Qxd2 $11 Qc4 {[%cal Rb4c3]} 27. Qe2 Bxc3 28. bxc3 Qxc3 29. Rc2 (29. Kg2 $15) 29... Qa1+ 30. Kg2 (30. Rf1 $142 Qxa4 31. Ra2) 30... Qxa4 (30... Rxc2 $17 31. Qxc2 Rb1) 31. Ra2 Qb3 32. Rxa6 (32. Rb2 $15 Qa3 33. Ra2) 32... Rc3 $19 33. Qa2 Rxe3 {...Rg3+ is the strong threat.} 34. Rd6 $2 (34. Qxb3 Rbxb3 35. Kh2) 34... Rg3+ 35. Kh2 Rf3 {And now ...Qe3! would win.} 36. Qe2 Rc8 37. Kg2 Rxf2+ {Black mates.} 38. Qxf2 {[#]} Rc2 $1 39. Ne2 Qd3 40. Kf1 e3 41. Qe1 Ne4 42. Rd8+ Kh7 {Accuracy: White = 49%, Black = 75%.} 0-1

[Event "BLR-ch 1st Stage Men 2020"]
[Site "Minsk"]
[Date "2020.02.03"]
[Round "9.6"]
[White "Smirnov, Valerij"]
[Black "Leinov, Roman"]
[Result "1/2-1/2"]
[WhiteElo "2261"]
[BlackElo "2168"]
[Annotator "TA"]
[PlyCount "69"]
[EventDate "2020.02.01"]
[EventType "swiss"]
[EventCountry "BLR"]
[SourceTitle "playchess.com"]
[Source "ChessBase"]
[SourceQuality "1"]

{[%evp 15,69,0,-2,-14,-15,-4,-1,-22,-14,-22,-13,-35,-26,-48,-50,-76,-32,-40,0,0,0,-72,-68,-85,-88,-91,-84,-56,-43,-39,-14,-18,-19,-27,-25,-18,-6,-24,-1,-19,-20,-25,-10,-21,0,0,0,0,0,0,0,0,0,0,0,0]} 1. d4 Nf6 2. c4 e6 3. Nf3 b6 4. Nc3 Bb7 5. Bg5 Bb4 6. Qc2 h6 7. Bh4 g5 8. Bg3 Ne4 9. Nd2 {E13: Queen's Indian/Nimzo-Indian hybrid: 4 Nc3 Bb7 5 Bg5 h6 6 Bh4 Bb4} Bxc3 10. bxc3 Nxg3 11. fxg3 g4 12. e4 Qg5 13. O-O-O c5 {[#]} 14. Kb1 $146 ({Predecessor:} 14. Bd3 Nc6 15. Kb1 cxd4 16. e5 dxc3 17. Ne4 Qxe5 18. Rhe1 Nb4 19. Qf2 O-O-O 20. Bc2 Bxe4 21. Rxe4 {0-1 (24) Smirnov,V (2354)-Zhigalko,S (2691) Minsk 2015}) 14... Nc6 15. Nb3 O-O-O 16. Qf2 {[%cal Rd4c5]} cxd4 17. cxd4 Qg6 18. Qe1 {[#]} (18. Ka1 $11 {remains equal.}) 18... d5 $1 $17 19. cxd5 exd5 20. Bd3 {[#] Threatens to win with exd5.} dxe4 $1 21. Qxe4 Qxe4 (21... Qg5 {looks sharper.} 22. Rhf1 Nb4 23. Qf4 Nxd3 24. Rxd3 Qg6) 22. Bxe4 {Black must now prevent Rc1.} Ne7 23. Bxb7+ Kxb7 24. Rhf1 Rh7 25. Rde1 Rd7 26. Kc2 Nd5 27. Kd2 h5 28. Re4 a5 {[%cal Ba7a5,Ba5a4][%mdl 32]} 29. Rf5 {The position is equal.} a4 30. Nc1 Ne7 31. Rf6 Nd5 32. Rf5 Ne7 33. Rf6 Nd5 34. Rf5 Ne7 35. Rf6 {Accuracy: White = 90%, Black = 92%.} 1/2-1/2

[Event "BLR-ch 1st Stage Men 2020"]
[Site "Minsk"]
[Date "2020.02.03"]
[Round "9.7"]
[White "Teterev, Vitaly"]
[Black "Kameko, Aleksandr"]
[Result "1/2-1/2"]
[WhiteElo "2476"]
[BlackElo "2045"]
[Annotator "TA"]
[PlyCount "99"]
[EventDate "2020.02.01"]
[EventType "swiss"]
[EventCountry "BLR"]
[SourceTitle "playchess.com"]
[Source "ChessBase"]
[SourceQuality "1"]

{[%evp 17,99,26,58,31,43,30,42,48,59,66,76,71,73,77,93,94,126,104,185,197,197,177,247,244,378,100,97,85,90,89,109,89,77,87,95,87,85,76,92,74,127,99,103,45,59,32,37,25,37,0,-1,-62,-86,-112,-90,-221,-224,-195,-195,-185,-192,-249,-241,-231,-175,-231,-193,-213,-199,-481,-213,-217,-218,-210,-187,-190,0,0,0,0,0,0,0,0]} 1. e4 c5 2. Nf3 Nc6 3. Bb5 g6 4. O-O Bg7 5. c3 Nf6 6. Re1 O-O 7. h3 d6 8. d4 cxd4 9. cxd4 a6 10. Bxc6 {B31: Sicilian: 2...Nc6 3 Bb5 g6} bxc6 11. Qc2 Qb6 12. Nc3 {White is slightly better.} Rb8 13. b3 Bd7 14. Be3 {[#]} Qa5 $146 ({Predecessor:} 14... Rfe8 15. Rad1 Qb4 16. Re2 Rec8 17. Ne1 Qb7 18. Nd3 Be6 19. Nf4 Bd7 20. Nd3 Be6 21. Nf4 Bd7 {½-½ (21) Berg,K (2395)-Fedder,S (2380) Denmark 1993}) 15. Rac1 Rfc8 16. Qd2 Qb4 17. Bh6 c5 (17... a5 $16) 18. Bxg7 $18 Kxg7 19. e5 Ne8 (19... Ng8 {keeps fighting.}) 20. Re4 {Rh4 is the strong threat.} cxd4 {[#]} (20... Qb7 $142 21. d5 (21. Rh4 h5 $16) 21... dxe5) 21. Nxd4 $2 ({Less strong is} 21. Rxd4 Qb7 $16) (21. Rh4 $1 $18 {is the precise move to win. White threatens Qh6+ and mate.} h5 22. Rxd4) 21... Qa5 $16 22. exd6 (22. Rh4 h5 $11) 22... exd6 23. Nde2 Bc6 24. Rh4 {And now Qh6+ would win.} h5 25. Rd4 Ba8 26. Ra4 Qb6 27. Rd1 Qc6 {[%csl Ga8][%cal Rc6g2]} 28. Qg5 Nf6 (28... Qc5 $142 29. Qxc5 dxc5) 29. Rd3 Re8 ({But not} 29... Ng4 $2 30. Rg3 $18) 30. Rc4 (30. Rf3 $16 Nh7 31. Qf4) 30... Qb6 $14 31. Rcd4 Re5 32. Qd2 d5 33. f3 Rbe8 34. h4 (34. f4 $11 R5e6 35. Kh1) 34... Nd7 $1 $15 {[%cal Rd7c5] Strongly threatening ...Nc5.} 35. b4 R5e7 36. f4 {[#]} (36. Na4 $17 Rxe2 37. Nxb6 Rxd2 38. Nxd7 Rxa2 39. Rd2 Rxd2 40. Rxd2) 36... Nf6 $1 $19 37. f5 Ng4 38. fxg6 fxg6 39. g3 (39. a4 {was necessary.}) 39... Ne5 40. Re3 Qa7 41. b5 (41. Nf4 $142 Nc6 42. Rxe7+ Rxe7 43. Nce2) 41... axb5 42. Nxb5 Qb6 43. Qb2 $2 (43. a4) 43... Kh7 (43... Bc6 $142 44. Nf4 Qxb5 45. Qxb5 Bxb5) 44. Nf4 Ng4 45. Rxe7+ Rxe7 46. Qb4 Re4 $2 (46... Qd8 $19 47. Rd1 Qb6+ 48. Rd4 Qf6) 47. Qf8 $1 $11 {The position is equal.} Rxd4 48. Qf7+ {[#]} Kh6 $1 49. Qf8+ {[%mdl 64] [#] Double Attack} Kh7 $1 {( -> ...Rd2+)} 50. Qf7+ {Accuracy: White = 55%, Black = 69%.} 1/2-1/2